Musicals based on Song - Statistics

General Stats
  • This quiz has been taken 70 times
  • The average score is 7 of 15
Answer Stats
Hint Answer % Correct
Tomorrow Annie
90%
Cabinet Battle #2 Hamilton
83%
Naughty Matilda
64%
Practically Perfect Mary Poppins
56%
The Lonely Goatherd Sound of Music
53%
Serious Legally Blonde
47%
You'll be in my Heart Tarzan
46%
Sunrise, Sunset Fiddler on the Roof
44%
Hello, Little Girl Into The Woods
42%
Wouldn't it be Loverly? My Fair Lady
42%
Sal Tlay Ka Siti Book Of Mormon
34%
Stop! Mean Girls
29%
Not While I'm Around Sweeney Todd: TDBOFS
25%
Hygge Frozen
22%
What Would I Do? Falsettos
12%
No matching quizzes found
Score Distribution
Percent of People with Each Score
Percentile by Number Answered
Your Score History
You have not taken this quiz